000 00364nam a2200145Ia 4500
008 240624s9999 xx 000 0 und d
041 _aeng
082 _a332.1 IIBF
100 _aIIBF
245 _aLEGAL AND REGULATORY ASPECTS OF BANKING
250 _a(2nd ed.)
260 _c2009
_aNew Delhi
_bMacmillan
300 _axiii, : 476p. ; 23cm.
365 _cRS
_b33.5
999 _c13830
_d13830